Statistics for Countries Closest to Helsinki

Click here to take the quiz!

General Stats

  • This quiz has been taken 47 times
  • The average score is 18 of 20

Answer Stats

Distance (km)Distance (mi)Country% Correct
920571Germany
100%
653406Poland
100%
10968Russia
100%
303189Sweden
100%
5233Estonia
98%
233145Latvia
98%
671417Norway
98%
792492Denmark
95%
00Finland
95%
414257Lithuania
95%
1,406874United Kingdom
93%
1,326824Netherlands
89%
483300Belarus
86%
1,374854Austria
82%
1,188738Czechia
82%
1,309813Hungary
80%
913567Ukraine
80%
1,330826Romania
77%
1,225762Slovakia
77%
1,311815Moldova
64%

Score Distribution

Percentile by Number Answered

Percent of People with Each Score

Your Score History

You have not taken this quiz